History Quiz: Did They Meet? - Statistics

General Stats
  • This quiz has been taken 103 times
  • The average score is 10 of 15
Answer Stats
Question Answer % Correct
Gautama Buddha and Confucius No
94%
Alfred the Great and Charlemagne No
81%
Genghis Khan and Marco Polo No
75%
Martin Luther King and Malcolm X Yes
75%
Henri Matisse and Pablo Picasso Yes
75%
Mahatma Gandhi and Nelson Mandela No
69%
Che Guevara and Juan Perón Yes
69%
John F. Kennedy and Haile Selassie Yes
69%
Marie Curie and Albert Einstein Yes
69%
Butch Cassidy and Ned Kelly No
63%
Hattori Hanzō and Tokugawa Ieyasu Yes
63%
Plato and Socrates Yes
63%
Julius Caesar and Pliny the Elder No
56%
Ramesses II and Seti I Yes
31%
Richard the Lionheart and Saladin No
19%
No matching quizzes found
Score Distribution
Percent of People with Each Score
Percentile by Number Answered
Your Score History
You have not taken this quiz